Belgické paradoxy

Bibliographic Details
Main Author: Miháliková, Silvia, 1952- (Author)
Format: Article
Language:Slovak
Subjects:

MARC

LEADER 00000nab a2200000 a 4500
001 vtls000496782
003 SK-MaSNL
005 20260304040343.0
008 140507c1992 xo 0 slo
015 |a SNBRB19rr/mm-uuuuu 
035 |a CL0496920 
040 |a SNKBUCL  |b slo  |c SNKBUCL  |e AACR2 
041 0 |a slo 
044 |a xo  |c SK 
080 |a 323.1(493)  |2 1981 
100 1 |a Miháliková, Silvia,  |d 1952-  |4 aut  |9 227043 
245 1 0 |a Belgické paradoxy  |c Sylvia Miháliková 
650 0 7 |a národnostná politika  |2 snkbucl  |9 4656 
651 7 |a Belgicko  |2 snkbucl  |9 145816 
655 7 |a články z novín a časopisov  |2 snkbucl  |9 267496 
773 0 |t Kultúrny život  |g Roč. 26, č. 48 (1992), s. 7 
850 |a Slovenská národná knižnica v Martine  |a MTA001 
852 |a SNK  |b KIS3GCP 
958 |a RK 
958 |a BE 
958 |a NX 
992 |a RBX 
999 |c 2662845  |d 2664775